Picture Quiz: British Film Actors - Statistics

General Stats
  • This quiz has been taken 594 times
    301 since last reset
  • The average score is 11 of 20
Answer Stats
Picture Answer % Correct
Hugh Grant
96%
Idris Elba
88%
Stephen Fry
78%
Peter Sellers
72%
Simon Pegg
71%
Eddie Redmayne
66%
David Niven
65%
Alec Guinness
63%
Steve Coogan
63%
Michael Gambon
60%
Richard Harris
60%
Peter O'Toole
58%
Laurence Olivier
50%
Jim Broadbent
49%
Alun Armstrong
32%
Albert Finney
30%
John Gielgud
29%
Michael Redgrave
25%
Alan Bates
24%
Roger Livesey
10%
No matching quizzes found
Score Distribution
Percent of People with Each Score
Percentile by Number Answered
Your Score History
You have not taken this quiz since the last reset